000 00394nam a2200157Ia 4500
008 210719s1967 xx 000 0 und d
041 _aeng
082 _aT494E BHAD
100 _aBHAT (Shankara D N)
245 _aDescriptive analysis of Tulu.
260 _aPoona
_bDeccan College
_c1967
300 _axii,117
_bPB
365 _b12
_cRs
650 _aTulu Language
906 _aTulu Language
999 _c214013
_d214013